000
00284nam a2200145Ia 4500
100
_a
Leblond
942
_c
BK
654
_a
unix
245
_a
Using SCO TM Unix
260
_b
Osborne
_a
Berkeley
_c
1990
082
_a
1.6424
_b
LEB
300
_a
611
546
_a
ENGLISH
999
_c
18746
_d
18746